Prime ministers of the United Kingdom Quiz Stats

 Plays Quiz not verified by Sporcle

Challenge
Share
Tweet
Embed
Score 0/73 Timer 10:00
0 Plays Today
Hint Answer % Correct
Winston Churchill
62.8%
Winston Churchill
62.8%
David Lloyd George
53.5%
Anthony Eden
53.5%
Neville Chamberlain
51.2%
Clement Attlee
51.2%
Henry Campbell-Bannerman
48.8%
Andrew Bonar Law
48.8%
Stanley Baldwin
48.8%
Ramsay MacDonald
48.8%
Stanley Baldwin
48.8%
Ramsay MacDonald
48.8%
Stanley Baldwin
48.8%
Harold Macmillan
48.8%
Tony Blair
44.2%
David Cameron
44.2%
Robert Walpole
41.9%
Arthur Balfour
41.9%
Edward Heath
41.9%
Gordon Brown
41.9%
Herbert Henry Asquith
39.5%
Harold Wilson
39.5%
Harold Wilson
39.5%
James Callaghan
39.5%
John Major
39.5%
Margaret Thatcher
37.2%
William Cavendish
34.9%
Alec Douglas-Home
34.9%
Spencer Compton
32.6%
Henry Pelham
32.6%
William Pitt 'the elder'
32.6%
William Pitt 'the younger'
32.6%
William Pitt 'the younger'
32.6%
Thomas Pelham-Holles
30.2%
Thomas Pelham-Holles
30.2%
John Stuart
27.9%
Frederick North
27.9%
Hint Answer % Correct
George Grenville
23.3%
Charles Watson-Wentworth
23.3%
Augustus Fitzroy
23.3%
Charles Watson-Wentworth
23.3%
William Cavendish-Bentinck
20.9%
William Cavendish-Bentinck
20.9%
William Petty
16.3%
Henry Addington
16.3%
Robert Peel
14%
Robert Peel
14%
William Wyndham Grenville
9.3%
Benjamin Disraeli
9.3%
Benjamin Disraeli
9.3%
Spencer Perceval
7%
William Ewart Gladstone
4.7%
William Ewart Gladstone
4.7%
William Ewart Gladstone
4.7%
Robert Banks Jenkinson
2.3%
George Canning
2.3%
Arthur Wellesley
2.3%
William Lamb
2.3%
Arthur Wellesley
2.3%
William Lamb
2.3%
John Russell
2.3%
John Russell
2.3%
Robert Gascoyne-Cecil
2.3%
Robert Gascoyne-Cecil
2.3%
Frederick John Robinson
0%
Charles Grey
0%
Edward Smith-Stanley
0%
George Hamilton-Gordon
0%
Henry John Temple
0%
Edward Smith-Stanley
0%
Henry John Temple
0%
Edward Smith-Stanley
0%
Archibold Primrose
0%

You're not logged in!

Compare scores with friends on all Sporcle quizzes.
OR
Log In

You Might Also Like...

Show Comments

Extras

Top Quizzes Today


Score Distribution

Your Account Isn't Verified!

In order to create a playlist on Sporcle, you need to verify the email address you used during registration. Go to your Sporcle Settings to finish the process.

Report this User

Report this user for behavior that violates our Community Guidelines.

Details: